000 00434nam a22001337a 4500
008 230519b |||||||| |||| 00| 0 eng d
020 _a978-99936-777-7-2
082 _a954.98
100 _aThe National Museum of Bhutan,
_d2018
245 _aའབྲུག་གི་ལམ་སྲོལ་དང་མཐའ་གནས་སྟང
300 _a479 p.
_c23 cm
942 _2ddc
999 _c9564
_d9565